书目信息 |
| 题名: |
传习录
|
|
| 作者: | 王守仁 著 | |
| 分册: | ||
| 出版信息: | 扬州 广陵书社 2018 |
|
| 页数: | 172页 | |
| 开本: | 21cm | |
| 丛书名: | ||
| 单 册: | ||
| 中图分类: | B248.2 | |
| 科图分类: | ||
| 主题词: | 心学--中国--明代 | |
| 电子资源: | ||
| ISBN: | 978-7-5554-0943-4 | |
| 000 | 00863nam0 2200241 450 | |
| 001 | 012001011996 | |
| 005 | 20141123145804.0 | |
| 010 | @a978-7-5554-0943-4@b精装@dCNY30.00 | |
| 100 | @a20181129d2018 em y0chiy50 ea | |
| 101 | 0 | @achi |
| 102 | @aCN@b320000 | |
| 105 | @ay z 000yy | |
| 106 | @ar | |
| 200 | 1 | @a传习录@9chuan xi lu@f(明)王阳明著 |
| 210 | @a扬州@c广陵书社@d2018 | |
| 215 | @a172页@d21cm | |
| 300 | @a经典国学读本 | |
| 330 | @a本书为明代哲学家王阳明所著的语录及论学书信集,为阳明学派的启蒙典籍,包含了王阳明的主要哲学思想,是研究王阳明思想及心学发展的重要资料,在中国古代哲学史上有着重要的地位。本书以《四部丛刊》本为底本,同时参校其他诸本,择善而从。 | |
| 606 | 0 | @a心学@y中国@z明代 |
| 690 | @aB248.2@v5 | |
| 701 | 0 | @c(明)@a王守仁@9wang shou ren@f(1472-1528)@4著 |
| 801 | 0 | @aCN@b上海新华@c20191020 |
| 905 | @b1184802-5@dB248.2@e99@f4 | |
| 传习录/(明)王阳明著.-扬州:广陵书社,2018 |
| 172页;21cm |
| 经典国学读本 |
| ISBN 978-7-5554-0943-4(精装):CNY30.00 |
| 本书为明代哲学家王阳明所著的语录及论学书信集,为阳明学派的启蒙典籍,包含了王阳明的主要哲学思想,是研究王阳明思想及心学发展的重要资料,在中国古代哲学史上有着重要的地位。本书以《四部丛刊》本为底本,同时参校其他诸本,择善而从。 |
| ● |
| 相关链接 |
|
|
|
|
正题名:传习录
索取号:B248.2/99
 
预约/预借
| 序号 | 登录号 | 条形码 | 馆藏地/架位号 | 状态 | 备注 |
| 1 | 1184802 | 211848027 | 第一样本阅览室/ [索取号:B248.2/99] | 在馆 | |
| 2 | 1184803 | 211848036 | 第一借阅区/ [索取号:B248.2/99] | 在馆 | |
| 3 | 1184804 | 211848045 | 第一借阅区/ [索取号:B248.2/99] | 在馆 | |
| 4 | 1184805 | 211848054 | 第一借阅区/ [索取号:B248.2/99] | 在馆 |